000 00988nac a22003011i 4500
003 EG-ScBUE
005 20260414151405.0
008 260414s1997 enk g b 001 0 eng d
020 _a9780521585989
020 _a0521585988
040 _aEG-ScBUE
_beng
_erda
_cEG-ScBUE
_dEG-ScBUE
082 0 4 _a574.4015195
_bBOO
_222
100 1 _aBookstein, Fred L.,
_eauthor.
245 1 0 _aMorphometric tools for landmark data :
_bgeometry and biology /
_cFred L. Bookstein.
250 _aReprint edition.
264 1 _aCambridge :
_bCambridge University Press,
_c1997.
300 _axvii, 435 pages ;
_c27 cm
336 _2rdacontent
_atext
_btxt
337 _aunmediated
_2rdamedia
_bn
338 _avolume
_bnc
_2rdacarrier
504 _aIncludes bibliographical references and index.
650 7 _aMorphology
_xStatistical methods.
_2BUEsh
650 7 _aBiometry.
_2BUEsh
650 7 _aMultivariate analysis.
_2BUEsh
650 7 _aGeometry.
_2BUEsh
655 _vReading book
942 _cBB
_2ddc
999 _c4164
_d4164